000 01175cam a22002897a 4500
005 20180803165138.0
008 140324s2000 ck ab b 000 0 spa d
020 _a9589595081
020 _a9789589595084
040 _aFQG
_cFQG
_dOCLCQ
_dIXA
_dCKDNB
_dZWZ
_dOCLCF
_dDLC
041 _aspa
044 _ack
082 0 4 _a593.609861
_bI62a
245 0 0 _aÁreas coralinas de Colombia /
_ceditado por Juan Manuel Díaz M. ; otros autores ... Lina María Barrios ... [et al.].
260 _aSanta Marta :
_bInstituto de Investigaciones Marinas y Costeras "José Benito Vives de Andreis", INVEMAR,
_c2000.
300 _a175 páginas :
_bmapas, algunas ilustraciones a color
_c34 centímetros
490 1 _aSerie publicaciones especiales ;
_v5
500 _a"A la memoria de Henry von Prahl (1949-1989)."
500 _a"Noviembre de 2000."
504 _aIncluye referencias bibliográficas (p. 168-174).
650 0 _aLos arrecifes de coral e islas
_zColombia.
700 1 _aDíaz M., Juan Manuel.
_eeditor
700 1 _aBarrios, Lina María.
710 1 _aCendales, María Helena
710 1 _aGarzón-Ferreira, Jaime
942 _2ddc
_cLIBRO
999 _c4006
_d4006